Social and Sustainable Innovations in Commerce and Management/ (Record no. 202797)

MARC details
000 -LEADER
fixed length control field 00791nam a22002057a 4500
005 - DATE AND TIME OF LATEST TRANSACTION
control field 20240510120736.0
010 ## - LCCN (DPL NO)
LC control number ENG-140330
020 ## - INTERNATIONAL STANDARD BOOK NUMBER
Terms of availability 600.00
International Standard Book Number 9788196759315
035 ## - SYSTEM CONTROL NUMBER
System control number EN-123862
037 ## - SOURCE OF ACQUISITION
Source of stock number/acquisition DBAD
082 ## - DEWEY DECIMAL CLASSIFICATION NUMBER
Classification number 658.4
245 ## - TITLE STATEMENT
Title Social and Sustainable Innovations in Commerce and Management/
Statement of responsibility, etc By S.Selvanathan, R.C.Shantha, and A.Anitha
260 ## - PUBLICATION, DISTRIBUTION, ETC. (IMPRINT)
Place of publication, distribution, etc Tamil Nadu
Name of publisher, distributor, etc Virudhunagar Hindu Nadars' Senthikumara Nadar College
-- Mangayarkarasi College of Arts and Science for Women, Paravai, Madurai
Date of publication, distribution, etc 2023
270 ## - ADDRESS
Address 25-B T.T.K.Road, (Near M.G.R. Statue) Virudhunagar-626001
City Tamil Nadu
300 ## - PHYSICAL DESCRIPTION
Extent 308p.
Dimensions 28cm(pb)
700 ## - ADDED ENTRY--PERSONAL NAME
Personal name Selvanathan, S
9 (RLIN) 66060
700 ## - ADDED ENTRY--PERSONAL NAME
Personal name Shantha, R.C.
9 (RLIN) 66073
700 ## - ADDED ENTRY--PERSONAL NAME
Personal name Anitha, A
9 (RLIN) 66074
942 ## - ADDED ENTRY ELEMENTS (KOHA)
Source of classification or shelving scheme Dewey Decimal Classification
Item type English Books
Classification part 658.4
Call number prefix SOC
Holdings
Withdrawn status Lost status Not for loan Collection code Home library Current library Date acquired Source of acquisition Cost, normal purchase price Full call number Barcode Copy number Cost, replacement price Koha item type
      Non-fiction Ashok Vihar Ashok Vihar 10/05/2024 DBAD 600.00 658.4 SOC EN-123862 1 600.00 English Books

© Delhi Public Library
Hit Counter
free hit counter